| 000 | 01189naa a22003137a 4500 | ||
|---|---|---|---|
| 001 | BR8106654 | ||
| 003 | BR-BrBNA | ||
| 005 | 20240918175016.0 | ||
| 007 | ta | ||
| 008 | 230509b bl.||||| |||| 00| 0 por d | ||
| 040 |
_aBR-BrBNA _bpor _cBiblioteca Nacional de Agricultura |
||
| 041 | _a(Pt) | ||
| 072 |
_aF00; F30 _b0170 _bG514 |
||
| 090 | _aF00 BR8106654 | ||
| 100 | 1 | _aCarmo, C.M. do | |
| 100 | 1 | _aBai, C.A. de G. | |
| 245 | 1 | _aComportamento de hibridos F1 e F2 de sorgo Sorghum bicolor (L.)Moench, em relacao aos seus progenitores [Pentecoste, Quixada, Ceara, Brasil] | |
| 260 | 3 |
_aFortaleza, CE (Brasil): _c1981. |
|
| 500 | _aConvenio BNB/FCPC/UFC. Programa de pesquisa com a cultura do sorgo. Relatorio de pesquisa 1980 Fortaleza, CE (Brasil): 1981. p. 40-45 (BR8106654-AM)F00 | ||
| 650 | _aSORGO GRANIFERO | ||
| 650 | _aGENETICA | ||
| 650 | _aMELHORAMENTO VEGETAL | ||
| 650 | _aPENTECOSTE | ||
| 650 | _aQUIXADA | ||
| 650 | _aCEARA | ||
| 773 | 0 |
_tConvenio BNB/FCPC/UFC. Programa de pesquisa com a cultura do sorgo. Relatorio de pesquisa 1980 _wF00 BR8106654 _gFortaleza, CE (Brasil), 1981. p. 40-45 |
|
| 909 |
_a202404 _bLucia _c55 _dLucia Elande |
||
| 942 |
_cAM _2AGRIS |
||
| 999 |
_c314557 _d314557 |
||